[Event "Thessaloniki-Chalkidiki-chT"]
[Site "Thessaloniki"]
[Date "2022.04.02"]
[Round "6"]
[White "Mavridou, Maria"]
[Black "Trivella, Maria"]
[Result "0-1"]
[WhiteElo "1246"]
[BlackElo "1268"]
[PlyCount "82"]
[EventDate "2022.02.20"]
[EventType "team-tourn"]
[EventRounds "7"]
[EventCountry "GRE"]
[SourceTitle "EXT 2024"]
[Source "ChessBase"]
[SourceDate "2023.10.10"]
[SourceVersion "1"]
[SourceVersionDate "2023.10.10"]
[SourceQuality "1"]

1. Nf3 Nf6 2. d4 g6 3. Bf4 Bg7 4. c3 Nh5 5. Bg3 Nxg3 6. hxg3 b6 7. e3 Bb7 8. Nbd2 d6 9. Bd3 Nd7 10. Qc2 e6 11. 0-0-0 Rc8 12. Rh2 c5 13. Rdh1 Nf8 14. Bb5+ Bc6 15. Qa4 Qc7 16. Bxc6+ Qxc6 17. Qxc6+ Rxc6 18. Ng5 h6 19. Ngf3 f5 20. e4 cxd4 21. c4 fxe4 22. Nxe4 d5 23. Ned2 dxc4 24. Ne4 Nd7 25. Rd1 e5 26. Ne1 Nc5 27. f3 Rf8 28. Nc2 Nxe4 29. fxe4 a5 30. Rhh1 h5 31. Rhf1 Bh6+ 32. Kb1 Rcf6 33. Rxf6 Rxf6 34. Na3 Rc6 35. Rf1 c3 36. b3 d3 37. Nc2 dxc2+ 38. Kxc2 Bd2 39. Rf3 Ke7 40. Rd3 Rd6 41. Rf3 Rd4 0-1

[Event "Thessaloniki-Chalkidiki-chT"]
[Site "Thessaloniki"]
[Date "2022.03.19"]
[Round "4"]
[White "Tsormpatzoglou, Eleftheria"]
[Black "Trivella, Maria"]
[Result "0-1"]
[WhiteElo "1325"]
[BlackElo "1268"]
[PlyCount "140"]
[EventDate "2022.02.20"]
[EventType "team-tourn"]
[EventRounds "7"]
[EventCountry "GRE"]
[SourceTitle "EXT 2024"]
[Source "ChessBase"]
[SourceDate "2023.10.10"]
[SourceVersion "1"]
[SourceVersionDate "2023.10.10"]
[SourceQuality "1"]

1. d4 Nf6 2. Nf3 g6 3. Bg5 Bg7 4. c3 0-0 5. Nbd2 d6 6. e4 Nbd7 7. Qb3 b6 8. a4 h6 9. Be3 Bb7 10. Bd3 Ng4 11. h3 Nxe3 12. fxe3 e5 13. 0-0-0 Rc8 14. Kb1 c6 15. Nc4 Qc7 16. g4 d5 17. exd5 cxd5 18. Ncxe5 Bxe5 19. Nxe5 Nxe5 20. dxe5 d4 21. Rhe1 dxc3 22. Bxg6 Qxe5 23. Bf5 Be4+ 24. Bxe4 Qxe4+ 25. Qc2 Qxc2+ 26. Kxc2 cxb2+ 27. Kxb2 Rc4 28. Rd4 Rfc8 29. Kb3 Rc3+ 30. Kb4 R8c5 31. a5 bxa5+ 32. Ka4 Kf8 33. h4 R3c4+ 34. Kb3 a4+ 35. Ka3 a5 36. Rxc4 Rxc4 37. e4 Ke7 38. g5 hxg5 39. h5 Rc3+ 40. Kxa4 Rh3 41. h6 Rxh6 42. Rg1 Rg6 43. Kxa5 Ke6 44. Kb4 Ke5 45. Rg4 f5 46. exf5 Kxf5 47. Rg1 g4 48. Kc3 Kf4 49. Kd2 Re6 50. Rf1+ Kg3 51. Rg1+ Kh3 52. Rh1+ Kg2 53. Rh5 Rf6 54. Ke2 g3 55. Rh7 Re6+ 56. Kd2 Kg1 57. Rg7 g2 58. Rh7 Rf6 59. Ke2 Re6+ 60. Kd2 Re4 61. Kd3 Re5 62. Kd2 Ra5 63. Ke2 Ra2+ 64. Ke1 Ra6 65. Rh5 Re6+ 66. Kd2 Kf2 67. Rf5+ Kg3 68. Rg5+ Kh3 69. Rg7 Re4 70. Rh7+ Kg3 0-1

[Event "EU-ch Amateur Online Final 1400/1700"]
[Site "Tornelo INT"]
[Date "2021.04.18"]
[Round "2"]
[White "Trivella, Maria"]
[Black "Szlosarczyk, Hubert"]
[Result "1/2-1/2"]
[WhiteElo "1141"]
[BlackElo "1552"]
[PlyCount "117"]
[EventDate "2021.04.18"]
[EventType "swiss (rapid)"]
[EventRounds "9"]
[EventCountry "NET"]
[SourceTitle "EXT 2023"]
[Source "ChessBase"]
[SourceDate "2022.10.05"]
[SourceVersion "1"]
[SourceVersionDate "2022.10.05"]
[SourceQuality "1"]

1. d4 e6 2. c4 d5 3. Nf3 Nf6 4. Bg5 Be7 5. Bxf6 Bxf6 6. e3 c6 7. c5 b6 8. b4 a5 9. Qb3 axb4 10. Qxb4 bxc5 11. Qxc5 Be7 12. Qc1 Qa5+ 13. Nbd2 0-0 14. Bd3 Ba6 15. Bc2 Nd7 16. Bd1 c5 17. Qc2 cxd4 18. Nxd4 Ne5 19. N4b3 Qb5 20. a4 Qb4 21. Be2 Bxe2 22. Kxe2 Rxa4 23. Rxa4 Qxa4 24. Ra1 Qb5+ 25. Kd1 Bf6 26. Nd4 Qd3 27. Qxd3 Nxd3 28. Ke2 Ne5 29. f4 Ng6 30. N2f3 h6 31. h3 Rb8 32. g4 Rb2+ 33. Kd3 Bxd4 34. Nxd4 Rh2 35. Ra8+ Kh7 36. Ra7 Nh8 37. Re7 Rxh3 38. f5 exf5 39. gxf5 h5 40. Rd7 h4 41. Rxd5 Rg3 42. Ke4 h3 43. Nf3 Rg2 44. f6 g6 45. Rg5 h2 46. Rxg2 h1Q 47. Rh2+ Qxh2 48. Nxh2 Kh6 49. Ng4+ Kg5 50. Kf3 Kf5 51. e4+ Ke6 52. Kf4 g5+ 53. Kxg5 Ng6 54. Kh6 Nf4 55. e5 Ng6 56. Kg7 Nf4 57. Kh6 Ng6 58. Kg7 Nf4 59. Kh6 1/2-1/2

[Event "Thessaloniki-Chalkidiki-chT B local"]
[Site "Thessaloniki"]
[Date "2019.02.24"]
[Round "6.5"]
[White "Malandri, Maria"]
[Black "Trivella, Maria"]
[Result "1-0"]
[WhiteElo "1255"]
[BlackElo "1146"]
[PlyCount "79"]
[EventDate "2019.01.13"]
[EventType "team-swiss"]
[EventRounds "9"]
[EventCountry "GRE"]
[SourceTitle "EXT 2020"]
[Source "ChessBase"]
[SourceDate "2019.10.17"]
[SourceVersion "1"]
[SourceVersionDate "2019.10.17"]
[SourceQuality "1"]

1. d4 d6 2. e4 Nf6 3. Nc3 Nbd7 4. Bc4 e5 5. Be3 Be7 6. d5 0-0 7. f4 Nb6 8. Bb3 exf4 9. Bxf4 Ng4 10. Nf3 a5 11. a3 Bh4+ 12. g3 Bf6 13. Qe2 Bxc3+ 14. bxc3 Nf6 15. Nd2 Bg4 16. Qd3 Bh3 17. Bg5 Nbd7 18. 0-0-0 Ne5 19. Qe3 Nfg4 20. Bxd8 Nxe3 21. Rde1 Ng2 22. Re2 Raxd8 23. Rg1 b5 24. Rgxg2 Bxg2 25. Rxg2 f5 26. a4 bxa4 27. Bxa4 fxe4 28. Nxe4 Rf1+ 29. Kb2 Rb8+ 30. Ka2 Rfb1 31. Bb3 Re1 32. Nd2 Ra8 33. Kb2 a4 34. Ba2 Rb8+ 35. Ka3 Ra1 36. Re2 Kf8 37. Re4 Ke7 38. Rxa4 Kd7 39. Nb3 Nc4+ 40. Rxc4 1-0

[Event "Thessaloniki White Tower op-C 41th"]
[Site "Thessaloniki"]
[Date "2019.01.02"]
[Round "1.19"]
[White "Aggelakis, Myron"]
[Black "Trivella, Maria"]
[Result "0-1"]
[WhiteElo "1000"]
[BlackElo "1146"]
[PlyCount "104"]
[EventDate "2019.01.02"]
[EventType "swiss"]
[EventRounds "6"]
[EventCountry "GRE"]
[SourceTitle "EXT 2024"]
[Source "ChessBase"]
[SourceDate "2023.10.10"]
[SourceVersion "1"]
[SourceVersionDate "2023.10.10"]
[SourceQuality "1"]

1. d4 d6 2. c4 Nf6 3. g3 Nbd7 4. Bg2 c6 5. Nc3 e5 6. e3 g6 7. b3 Bg7 8. Bb2 0-0 9. Nge2 exd4 10. exd4 Re8 11. 0-0 Nb6 12. Re1 Bg4 13. h3 Bd7 14. d5 cxd5 15. cxd5 Rc8 16. Qd2 Na8 17. Rad1 Qa5 18. Qf4 Rcd8 19. Qxd6 Bxh3 20. Qa3 Qxa3 21. Bxa3 Bxg2 22. Kxg2 Nb6 23. d6 Rc8 24. Rd3 a6 25. f3 Nbd7 26. Kf2 h5 27. Nf4 Ne5 28. Rde3 Neg4+ 29. fxg4 Nxg4+ 30. Kf3 Rxe3+ 31. Rxe3 Nxe3 32. Ncd5 Nxd5 33. Nxd5 Rd8 34. Ke4 f5+ 35. Kf4 Kf7 36. Bc5 Bf8 37. Ke5 Bg7+ 38. Kf4 Bh6+ 39. Ke5 Bg7+ 40. Kf4 Ke6 41. Nc7+ Kd7 42. Nd5 Kc6 43. Nc7 Bf8 44. Ke5 Bxd6+ 45. Bxd6 Rxd6 46. Ne6 Rd3 47. Kf4 Kd6 48. Ng5 Rd2 49. a4 Rd3 50. Nf7+ Ke7 51. Ne5 Rxb3 52. Nxg6+ Kf6 0-1